LEADER 01225nam a2200301Ii 4500 001 991003271679707536 006 m d 007 cr cn||||||||| 008 070806s2004 ne a sb 001 0 eng d 020 $a9780444515308 020 $a0444515305 035 $ab13658566-39ule_inst 040 $aDip.to Matematica$beng 082 04$a511.5$222 100 1 $aGolumbic, Martin Charles$0104097 245 10$aAlgorithmic graph theory and perfect graphs$h[e-book] /$cMartin Charles Golumbic 260 $aAmsterdam :$bElsevier,$c2004 300 $axxvi, 314 p. :$bill. ;$c25 cm 440 0$aAnnals of discrete mathematics ;$v57 504 $aIncludes bibliographies and index 650 0$aPerfect graphs 856 40$3ScienceDirect$uhttp://www.sciencedirect.com/science/publication?issn=01675060&volume=57$zAn electronic book accessible through the World Wide Web; click for information 856 42$zPublisher description$uhttp://catdir.loc.gov/catdir/enhancements/fy0621/2004555477-d.html 907 $a.b13658566$b03-03-22$c29-01-08 912 $a991003271679707536 996 $aAlgorithmic graph theory and perfect graphs$9437139 997 $aUNISALENTO 998 $ale013$b29-01-08$cm$d@ $e-$feng$gne $h0$i0 LEADER 01380nas# 22003131i 450 001 UON00011749 005 20231205101936.641 011 $a0126-1576 100 $a20020107a1989 |0itac50 ba 101 $aind 102 $aID 105 $a|||| 1|||| 110 $aaU||||||||| 200 1 $aAntropologi Indonesia$eMajalah Antropologi Social dan Budaya Indonesia$dIndonesian Journal of Social and Cultural Anthropology$fJurusan Antropologi, Fakultas Ilmu Sosial dan Ilmu Politik, Universitas Indonesia 1989 - 205 $aJakarta : Penerbit Universitas Indonesia$b1989 207 $av. ; 24 cm 210 $aPeriodicità sconosciuta 215 $aGià: Berita Antropologi 517 1$3UON00352958$aBerita Antropologi 620 $aID$dJakarta$3UONL000164 686 $aID$cINDONESIA - PERIODICI$2A 686 $aACQUISTO$cACQUISTO - PERIODICI$2A 712 02$aUniversitas Indonesia$cJakarta$bFakultas Ilmu Sosial dan Ilmu Politik$bJurusan Antropologi$3UONV008911 801 $aIT$bSOL$c20240220$gRICA 899 $aSIBA - SISTEMA BIBLIOTECARIO DI ATENEO$2UONSI$413(1989) *47*$cPer 1948 ; 912 $aUON00011749 950 $aSIBA - SISTEMA BIBLIOTECARIO DI ATENEO$bSI 13(1989) *47*$dSI A Per 1948* 1989 (fasc.47) $eSI SA 69849 7 1989 (fasc.47) 996 $aAntropologi Indonesia$91321939 997 $aUNIOR